000 00781nam a22001337a 4500
040 _cRUA
082 _aVEM CHH 2022 B1.401 Or.1
100 _aCHHORN CHANCHAKRIYA, ឈន ច័ន្ទចរិយា
245 _aAssessment of antibiotic use and antimicrobial resistance in poultry farms in kampong speu province, ការប្រើប្រាស់ឳសថអង់ទីប៊ីយ៉ូទិក និងភាពស៊ាំនឹងឳសថប្រឆាំងមេរោគនៅក្នុងផលិតកម្មបក្សីនៅខេត្តកំពង់ស្ពឺ
260 _aPHNOM PENH
_bRUA
_c2022
300 _ax,
_bill,
_c29cm,
856 _uhttps://drive.google.com/file/d/1Ys9M5CK7CM0s61AvGwXIFsuOQAHHTLTm/view?usp=sharing
942 _cVEM
999 _c24257
_d24257